[Event "41st Nezhmetdinov Memorial 2019"]
[Site "Kazan"]
[Date "2019.06.04"]
[Round "5.9"]
[White "Bublei, Pavel"]
[Black "Kokarev, Dmitry"]
[Result "0-1"]
[WhiteElo "2362"]
[BlackElo "2605"]
[Annotator "TA"]
[PlyCount "178"]
[EventDate "2019.05.31"]
[EventType "swiss"]
[EventCountry "RUS"]
[SourceTitle "playchess.com"]
[Source "ChessBase"]
[SourceQuality "1"]

{[%evp 10,178,26,9,42,17,17,10,0,2,6,-4,-20,-24,0,0,0,0,0,-27,-10,-22,-20,-38,-29,-41,-33,-52,-29,-33,-30,-37,-31,-34,-48,-41,-42,-42,-37,-63,-32,-91,-90,-89,-78,-82,-82,-93,-100,-100,-98,-98,-99,-102,-102,-121,-121,-121,-121,-124,-124,-130,-124,-130,-124,-124,-124,-182,-182,-182,-182,-182,-182,-182,-182,-182,-182,-182,-182,-182,-182,-182,-182,-182,-182,-182,-182,-194,-194,-194,-194,-194,0,-194,-182,-182,-182,-194,-132,-132,-95,-152,-145,-152,-145,-152,-145,-152,-152,-152,-152,-152,-152,-152,-152,-152,-145,-152,-145,-152,-95,-95,-95,-114,-95,-95,-13,-114,-28,-114,-114,-114,-114,-114,-114,-114,-114,-114,-114,-114,-114,-114,-114,-114,0,-114,-114,-5163,-5156,-5127,-5127,-5105,-5097,-1593,-1586,-29982,-29984,-29985,-29986,-29987,-29988,-29988,-29988,-29988,-29985,-29985,-29986,-29997,-29996,-29996,-4627]} 1. d4 Nf6 2. Nf3 g6 3. c4 Bg7 4. g3 c5 5. d5 b5 6. cxb5 Qa5+ {E60: King's Indian: Unusual lines and Fianchetto Variation without Nc3} 7. Nc3 Ne4 8. Bd2 Nxd2 {The position is equal.} 9. Nxd2 (9. Qxd2 d6 10. e3 O-O 11. a4 a6 12. Ra3 Qb4 13. Be2 Bh3 14. Ng5 {0-1 (61) Karpov,A (2628)-Fressinet,L (2702) Cap d'Agde 2015}) 9... a6 10. Bg2 $146 ({Predecessor:} 10. bxa6 d6 11. Rc1 O-O 12. Bg2 Nxa6 13. O-O Bd7 14. Nc4 {0-1 (23) Babu,N (2317)-Ashwin,J (2439) Aurangabad 2011}) 10... d6 11. bxa6 O-O 12. O-O Bxa6 13. Qc2 Nd7 14. Rfe1 Rfb8 {Strongly threatening ...Rxb2!} 15. Rac1 Bc8 16. Ndb1 Ne5 17. b3 c4 18. Nd2 Ba6 19. bxc4 Nxc4 20. Nxc4 Bxc4 21. Qd2 Rc8 22. Ne4 Qxd2 23. Nxd2 Bxa2 24. Nf1 f5 25. Ne3 (25. Rxc8+ $15 Rxc8 26. e4) 25... Kf7 $17 26. h4 Bd4 27. Rxc8 Rxc8 28. Rd1 Bxe3 29. fxe3 {[%mdl 4096] Endgame KRB-KRB} Rc2 30. Kf2 Kf6 31. Rd4 Ke5 32. Ra4 Bxd5 33. Bxd5 Kxd5 {KR-KR} 34. Ra7 Ke6 35. Ra8 Kf7 36. Rh8 Kg7 37. Re8 {[#]} Rc7 $1 38. Ra8 (38. Kf3 $17 {is a better defense.}) 38... Rc4 $19 39. Re8 Re4 40. Rd8 h6 41. Re8 g5 42. hxg5 hxg5 43. Kf3 Kf7 44. Ra8 Rb4 45. Ra5 Kf6 46. Ra6 Rb3 47. Kf2 Rc3 48. Ra7 Rc8 49. Ra5 Rh8 50. Kg2 Rc8 51. Kf2 $1 Rc6 52. Ra7 e6 53. Ra5 e5 (53... Rc8 $19 54. Ra4 d5) 54. Ra8 $17 Rc7 55. Rg8 ({Better is} 55. Rh8) 55... g4 56. Re8 Re7 57. Ra8 Ke6 58. Ra1 Rh7 {And now ...Rh2+ would win.} 59. Kg2 Kd5 60. Ra4 Rh8 61. Kg1 Rc8 62. Kf2 Rc4 63. Ra6 Rb4 64. Kf1 Ke4 (64... Rb1+ $142 65. Kf2 Rh1 66. Ra5+ Kc4) 65. Rxd6 Kxe3 66. Rd3+ Ke4 67. Kf2 f4 (67... Rb6 $17 {With the idea ...f4.} 68. Re3+ Kd5) 68. Ra3 (68. Rd8 $1 $11 {was the only way to keep the balance.}) 68... Rd4 (68... Rb2 $17 {Threatens to win with ...f3.} 69. gxf4 exf4 70. Ra4+ Kf5) 69. Rc3 (69. Ra8 $1 $11 {keeps the balance.}) 69... Rd2 {White must now prevent ...f3.} 70. gxf4 exf4 {Hoping for ...g3+.} 71. Rc4+ Rd4 72. Rc8 g3+ 73. Ke1 Rd5 74. Re8+ Re5 75. Rf8 Rh5 {aiming for ...Rh1+.} 76. Re8+ Re5 77. Rf8 $1 Ke3 {( -> ...g2)} 78. Ra8 $2 {[%mdl 8192] [#]} (78. Kf1 $17) 78... g2 $1 $19 {[%cal Rg2g1]} 79. Ra3+ Kd4 80. Ra4+ Kc5 81. Kf2 {[#]} Rxe2+ $1 {[%mdl 512]} 82. Kg1 (82. Kxe2 g1=Q) 82... f3 {Black mates.} 83. Ra1 Kd4 84. Ra4+ Ke3 85. Ra1 Kf4 86. Kh2 {[#]} g1=Q+ $1 {[%mdl 64] Deflection} 87. Kxg1 Kg3 88. Rf1 Rg2+ 89. Kh1 Rh2+ {Accuracy: White = 49%, Black = 63%.} 0-1

[Event "41st Nezhmetdinov Memorial 2019"]
[Site "Kazan"]
[Date "2019.06.04"]
[Round "5.10"]
[White "Yatzenko, Anton"]
[Black "Puranik, Abhimanyu"]
[Result "0-1"]
[WhiteElo "2354"]
[BlackElo "2548"]
[Annotator "TA"]
[PlyCount "134"]
[EventDate "2019.05.31"]
[EventType "swiss"]
[EventCountry "RUS"]
[SourceTitle "playchess.com"]
[Source "ChessBase"]
[SourceQuality "1"]

{[%evp 9,134,22,18,6,33,-22,-9,-8,17,19,52,49,56,12,19,27,53,50,116,107,146,142,135,143,163,55,129,36,44,36,41,36,39,31,33,54,96,84,166,89,87,85,118,120,127,125,116,112,76,8,169,183,181,197,184,162,357,342,330,335,262,84,188,188,383,0,0,-60,-55,-56,-63,-66,-27,-30,-23,-28,-13,-29,-19,-22,-6,-14,0,0,17,26,0,0,0,-98,-83,-208,-191,-184,0,-197,0,-193,-183,-184,-199,-170,-123,-218,-176,-293,-298,-347,-324,-309,-293,-717,-717,-691,-706,-752,0,-574,-564,-1038,-1000,-847,-464,-2696,-2572,-2449,-2315]} 1. e4 e5 2. Nf3 Nc6 3. d4 exd4 4. Nxd4 Qf6 5. Nb3 Qg6 6. f3 {C45: Scotch Game} Bd6 (6... Nf6 7. Bf4 Bb4+ 8. Kf2 O-O 9. a3 Be7 10. Bd3 Nh5 11. Bxc7 d6 12. e5 Bh4+ 13. Kf1 {0-1 (41) Shankland,S (2731)-Xiong,J (2663) Saint Louis 2019}) 7. g4 (7. Nc3 $14) 7... Nge7 $11 8. Nc3 {The position is equal.} Bb4 $146 ({Predecessor:} 8... h5 9. g5 f6 10. f4 fxg5 11. fxg5 Be5 12. Bg2 O-O 13. Qd3 {0-1 (25) Sankalp,G (2295)-Sosa,T (2460) Sitges 2017}) 9. Bd2 Ne5 10. Qe2 Qf6 11. Bg2 Bxc3 12. Bxc3 N7g6 13. O-O-O O-O (13... h5 $14) 14. h4 $1 $16 d6 15. g5 Qf4+ 16. Kb1 $1 Nxh4 17. Rdg1 (17. Nd4 $1 $18) 17... Nhxf3 (17... Nxg2 $14 18. Bxe5 Qxe5 19. Rxg2 g6) 18. Bxf3 (18. Qf2 $1 $16) 18... Nxf3 $14 19. Rf1 Bg4 20. Qd3 $1 Qxg5 21. Rxf3 Bxf3 22. Qxf3 c5 23. Qd1 {aiming for Rg1.} f6 (23... Qe7 $16) 24. Qxd6 (24. Na5 $1 $18) 24... b6 $16 25. Qh2 {[%mdl 1024] White has strong compensation.} Qg6 26. Nd2 $1 Rad8 27. Rg1 Qe8 28. e5 fxe5 29. Nc4 $40 {[%mdl 128] White has some attack.} (29. Bxe5 $16 Rd7 30. a3) 29... Qf7 $2 (29... Rf5 $1 $11) 30. b3 $1 $18 Qf2 31. Rg2 $1 {[%cal Rg2f2]} Qf1+ 32. Kb2 {Hoping for Ne3.} Rf7 $2 (32... Rd4 {was necessary.} 33. Nxe5 Qf4) 33. Nxe5 Rd1 {( -> ...Rb1+)} 34. Nd3 {Qb8+ would kill now.} (34. Nxf7 $2 {leads to mate.} Rb1+ 35. Ka3 Qa6+ 36. Ba5 Qxa5#) 34... h6 35. Re2 $2 (35. Qg3 $18 {and White stays clearly on top.} Rb1+ 36. Ka3) 35... Rb1+ ({Much worse is} 35... Ra1 36. Be1 $18) (35... b5 $16) 36. Ka3 c4 $2 (36... b5) 37. Ne5 $2 ({White should play} 37. Re8+ $18 Kh7 38. bxc4) 37... Re7 $11 {Strongly threatening ...Qf8.} 38. Qg2 (38. Ng6 $11 Qxe2 39. Qb8+ Kh7 40. Nf8+ Kh8 41. Ng6+ Kh7 42. Nf8+ Kh8 43. Ng6+ Kh7) 38... Qxg2 $15 39. Rxg2 cxb3 40. axb3 Rc7 41. Bd4 Kh7 42. c3 Rf1 43. b4 b5 44. Kb3 Rf5 45. Kc2 h5 46. Kd3 g5 47. Ke4 Rf4+ 48. Ke3 Kh6 49. Bc5 (49. Kd3 $1 $11) 49... h4 50. Nf3 (50. c4 $17) 50... Rf5 51. Ke4 Rf4+ 52. Ke3 Rf5 53. Ke4 $1 {[%cal Re4f5]} Rcf7 $1 54. Ne5 Rf4+ 55. Kd5 R7f5 56. Be3 (56. Ra2 $17 {keeps fighting.}) 56... Rf1 $1 $19 57. Ke4 (57. Ra2 $142) 57... Kh5 $1 58. Nd3 h3 $1 {[%cal Rh3g2]} 59. Rh2 R5f3 $1 60. Bf2 $2 (60. Ne5 Rg3 61. Rd2) 60... g4 61. Nf4+ Kg5 62. Nd3 {[#]} Kh5 $2 ({Black should try} 62... Rxd3 $1 $19 {[%mdl 512]} 63. Kxd3 {[#]} Rxf2 $1 {[%mdl 576] Remove Defender} 64. Rxf2 g3) 63. Bc5 $2 {[%mdl 8192]} (63. Nf4+ $1 $11 {and White is okay.} Kg5 64. Nd3 Rxd3 65. Kxd3 Rxf2 {[%mdl 64] Remove Defender} 66. Rxf2) 63... Rf7 {Black is clearly winning.} 64. Bd6 Kh4 65. Nf4 Re1+ 66. Kd4 (66. Ne2 $142 Rf3 67. Bc5) 66... Rd1+ 67. Ke5 {[#]} Rxf4 $1 {[%mdl 512] Accuracy: White = 47%, Black = 41%.} 0-1

[Event "41st Nezhmetdinov Memorial 2019"]
[Site "Kazan"]
[Date "2019.06.05"]
[Round "6.1"]
[White "Nozdrachev, Vladislav"]
[Black "Faizrakhmanov, Ramil"]
[Result "0-1"]
[WhiteElo "2481"]
[BlackElo "2421"]
[Annotator "TA"]
[PlyCount "102"]
[EventDate "2019.05.31"]
[EventType "swiss"]
[EventCountry "RUS"]
[SourceTitle "playchess.com"]
[Source "ChessBase"]
[SourceQuality "1"]

{[%evp 13,102,0,0,0,4,3,7,0,17,0,0,0,0,9,6,0,15,6,9,7,20,14,39,39,37,34,40,40,41,33,72,75,72,50,57,16,16,-5,0,0,-10,-129,-114,-171,-180,-171,-152,-185,-185,-325,-331,-302,-298,-459,-459,-518,-510,-499,-488,-567,-532,-567,-560,-631,-617,-629,-629,-624,-618,-610,-596,-793,-779,-1039,-1016,-873,-900,-654,-351,-339,-279,-660,-652,-29972,-29974,-29971,-29972,-29972,-29973,-29946,-12843]} 1. e4 c6 2. d4 d5 3. Nc3 dxe4 4. Nxe4 Bf5 5. Ng3 Bg6 6. N1e2 Nf6 7. Nf4 e5 8. dxe5 {Threatens to win with Qxd8+. B18: Classical Caro-Kann: 4...Bf5 sidelines} Qa5+ 9. c3 Qxe5+ 10. Qe2 {The position is equal.} Nbd7 11. Nxg6 hxg6 12. Bf4 Qxe2+ 13. Bxe2 Bc5 14. O-O (14. Bf3 O-O-O 15. O-O Nd5 16. Bxd5 cxd5 {½-½ (51) Svidler,P (2727)-Giri,A (2793) Baku 2015}) 14... O-O 15. Rad1 Rfe8 16. Rfe1 a5 {[#]} 17. Bf3 $146 ({Predecessor:} 17. Kf1 Ne5 18. h3 Nd5 19. Bc1 f5 20. Bb5 Nb6 {½-½ (20) Tiviakov,S (2684)-Popov,V (2561) Budva 2009}) 17... a4 18. Ne4 Nxe4 19. Rxe4 Rxe4 20. Bxe4 Nb6 21. Kf1 Nc4 22. Rd7 Re8 23. Bc2 b5 24. b4 (24. b3 $5 {[%cal Rb3c4]} Nb6 25. Rb7 $14) 24... Be7 25. Bd2 Bd6 26. Be1 Bxh2 27. g3 {[#]} (27. Bd1 $1 $11 {keeps the balance.}) 27... Bxg3 $1 $17 {[%mdl 512]} 28. Bxg6 (28. Bd1 $17 {keeps fighting.} Bf4 29. Be2) (28. fxg3 Ne3+) 28... fxg6 $19 29. fxg3 $17 {[%mdl 4096] Endgame KRB-KRN} Re6 30. Rc7 g5 31. Bf2 {[#]} (31. Kf2 $142) 31... Nd2+ $1 $19 32. Kg1 Re2 33. c4 (33. a3 $142) 33... Nxc4 34. Bd4 Rxa2 35. Rxg7+ Kf8 36. Rc7 a3 {[%cal Ba4a3,Ba3a2][%mdl 32]} 37. Rxc6 Rd2 38. Bh8 a2 39. Ra6 g4 40. Ra7 Ke8 41. Bf6 Rc2 42. Kf1 Ne3+ 43. Kg1 Nd5 44. Bh8 Nxb4 45. Ra5 Nd5 46. Rxb5 Nc3 47. Re5+ $2 (47. Ra5 Rc1+ 48. Kf2) 47... Kf7 48. Re1 {[#]} Rc1 $1 {[%mdl 576] Deflection, Decoy. Black mates.} 49. Rxc1 Ne2+ {[%mdl 64] Double Attack} 50. Kf2 Nxc1 51. Ke3 {[#]} Kg6 $1 {Accuracy: White = 43%, Black = 70%.} 0-1

[Event "41st Nezhmetdinov Memorial 2019"]
[Site "Kazan"]
[Date "2019.06.05"]
[Round "6.2"]
[White "Tokarev, Ilya"]
[Black "Yeletsky, Ivan"]
[Result "0-1"]
[WhiteElo "2318"]
[BlackElo "2438"]
[Annotator "TA"]
[PlyCount "56"]
[EventDate "2019.05.31"]
[EventType "swiss"]
[EventCountry "RUS"]
[SourceTitle "playchess.com"]
[Source "ChessBase"]
[SourceQuality "1"]

{[%evp 9,82,0,20,20,12,18,26,14,22,13,23,0,0,0,14,-14,0,-7,0,-19,0,-2,8,-29,0,0,0,-58,-58,-54,-55,-43,-52,-72,-64,-102,-98,-160,-160,-160,-87,-92,-92,-105,-97,-109,-108,-108,-108,-109,-109,-143,-151,-146,-140,-167,-163,-349,-349,-349,-349,-349,-349,-349,-349,-349,-349,-329,-329,-421,-415,-407,-397,-374,-346]} 1. d4 Nf6 2. c4 g6 3. Nc3 d5 4. Nf3 Bg7 5. h4 (5. h3 dxc4 6. e4 c5 7. d5 O-O 8. Bxc4 b5 9. Nxb5 Nxe4 10. O-O Ba6 11. Qe2 Nd6 12. Nxd6 Qxd6 {0-1 (94) Meier,G (2628)-Vachier Lagrave,M (2773) Karlsruhe/Baden Baden 2019}) 5... c6 6. cxd5 {D90: Grünfeld: 4 Nf3 Bg7 sidelines} cxd5 7. Bf4 Nc6 8. e3 {White has an edge.} O-O 9. Qb3 Na5 10. Qb4 Nc6 11. Qa3 Ne4 $146 ({Predecessor:} 11... Bf5 12. Bb5 Qa5 13. Qxa5 Nxa5 {½-½ (46) Lagarde,M (2616)-Gopal,G (2582) Stockholm 2019}) 12. Rc1 Nxc3 13. Rxc3 Bg4 14. Nh2 Bf5 {Black wants to play ...e5.} 15. Nf3 Rc8 16. Bb5 Qa5 (16... Qb6 $5 {[%cal Rb6b5]} 17. Bxc6 Rxc6 18. Rxc6 bxc6 $11) 17. Qxa5 Nxa5 18. Ke2 (18. Bc7 $1 $11 a6 19. Bxa5 axb5 20. a3) 18... Rxc3 $15 19. bxc3 Rc8 20. Rc1 f6 21. Bg3 Nc4 22. Nd2 Nb2 $1 23. e4 ({White should play} 23. Kf1) 23... dxe4 $17 24. Rb1 e3 ({Better is} 24... a6 25. Bd7 Bxd7 26. Rxb2 Bc6) 25. Rxb2 exd2 26. Bf4 Rxc3 27. Kxd2 Rc8 28. Bd3 b6 {Played: e7-e5} 0-1

[Event "41st Nezhmetdinov Memorial 2019"]
[Site "Kazan"]
[Date "2019.06.05"]
[Round "6.3"]
[White "Golubov, Saveliy"]
[Black "Sarana, Alexey"]
[Result "0-1"]
[WhiteElo "2460"]
[BlackElo "2636"]
[Annotator "TA"]
[PlyCount "144"]
[EventDate "2019.05.31"]
[EventType "swiss"]
[EventCountry "RUS"]
[SourceTitle "playchess.com"]
[Source "ChessBase"]
[SourceQuality "1"]

{[%evp 23,144,14,8,2,0,0,0,10,6,0,0,-12,-10,-11,0,-60,-69,-85,-85,-79,-82,-81,-81,-81,-76,-62,-78,-82,-5,-8,-8,-9,-9,-9,-9,-9,-2,-19,0,-13,-13,-13,-13,-22,0,0,0,-52,0,-115,-15,-59,-59,-62,0,-33,-37,-49,-17,-61,-70,-69,-8,-8,-8,-8,-8,-8,-8,-8,-8,-8,-8,-8,-8,-8,-8,-8,-8,-8,-8,-16,0,-47,-34,-60,-55,-48,-48,-83,-61,-166,-168,-187,-178,-187,-47,-66,0,-175,-172,-246,-184,-394,-372,-377,-385,-370,-376,-428,-221,-438,-446,-454,-307,-386,-378,-792,-773,-759,-744,-794,-684]} 1. e4 c5 2. Nc3 d6 3. g3 Nc6 4. Bg2 g6 5. d3 Bg7 6. Be3 e6 7. Qd2 Rb8 8. Nge2 Nd4 9. O-O Ne7 10. Bh6 O-O 11. Bxg7 Kxg7 12. Nxd4 cxd4 13. Ne2 {B26: Closed Sicilian: 3 g3, lines with early Be3} e5 14. c3 dxc3 15. bxc3 {The position is equal.} Be6 16. f4 f6 17. Qe3 $146 ({Predecessor:} 17. Rf2 Qa5 18. h4 Bg4 19. Bf3 Bxf3 20. Rxf3 {0-1 (52) Pihlajasalo,A (2441)-Barbosa,O (2435) ICC INT 2009}) 17... Qa5 18. Rf2 Rbc8 19. fxe5 (19. Rb1 $11) 19... fxe5 $15 20. Raf1 Rxf2 21. Qxf2 Ng8 $1 22. Kh1 Qxa2 23. Nd4 {[#]} Bf7 $1 (23... exd4 $6 24. Qxd4+ Kh6 25. Qe3+ Kg7 26. Qd4+ Kh6 27. Qe3+ g5 28. h4 $11) 24. Qxa2 Bxa2 25. Nb5 {[#]} Rc6 (25... a6 $1 $17 {[%cal Ra6b5]} 26. Nxd6 Rxc3 27. Nxb7 Rxd3) 26. c4 $1 $11 Bb3 {Black wants to play ...Bc2.} 27. Nxa7 Ra6 28. Nb5 Bc2 29. Rf3 Nf6 30. h3 Ne8 31. Kg1 Ba4 32. Nc3 $1 Bc6 33. Nd5 Bxd5 34. exd5 {[%mdl 4096] Endgame KRB-KRN} Ra3 35. Rf2 (35. g4 $11) 35... Rb3 (35... Rxd3 $15 36. Rf3 Rxf3 37. Bxf3 Nc7) 36. Re2 (36. Be4 $11 {keeps the balance.}) 36... Nf6 (36... Rxd3 $17 37. Kf2 Rb3) 37. c5 dxc5 38. Rxe5 b6 ({Better is} 38... Rxd3 $15 39. Re7+ Kh6) 39. Bf1 Rb4 40. Re7+ Kf8 41. d6 Rd4 $1 42. Re6 Nd7 (42... Kf7 $15 43. Re7+ Kg8) 43. Bg2 {aiming for Bc6.} Kg8 ({Don't play} 43... Rxd3 $6 44. Bc6 $16) 44. Bc6 $132 {[%mdl 2048] White is not keeping still} Nf8 45. Re7 $1 {d7 is the strong threat.} Rxd6 ({Of course not} 45... Rxd3 $6 46. d7 $16) 46. Bb5 Kh8 47. Bc4 Rd7 48. Re8 Kg7 49. Kf2 h5 50. Ke3 Rd6 51. Re7+ Kh6 52. Ke4 Nd7 53. Bb5 Rd4+ 54. Kf3 Nf6 55. Re6 Nd5 {Strongly threatening ...Nc7.} 56. Rc6 Nc3 57. Bc4 ({White must play} 57. Ba6 $15) 57... b5 $19 58. Bf7 Rxd3+ 59. Kg2 Rd2+ ({Black should try} 59... Ne4 $19 60. Rxg6+ Kh7) 60. Kf3 $15 Rd3+ (60... Kg7 $15 61. Bxg6 Rd5) 61. Kg2 $1 $19 Ne4 62. Rxg6+ Kh7 63. Rc6 $2 (63. Re6 {might work better.} Rd2+ 64. Kf3 Ng5+ {[%mdl 64] Double Attack} 65. Ke3) 63... Rxg3+ 64. Kh2 Rg5 65. h4 Rg4 66. Kh3 Nf2+ 67. Kh2 Nd3 68. Kh3 Nf4+ 69. Kh2 c4 70. Rc5 $2 (70. Be8) 70... c3 {Black is clearly winning.} 71. Bb3 b4 72. Rc4 Ne2 {Accuracy: White = 47%, Black = 63%.} 0-1

[Event "41st Nezhmetdinov Memorial 2019"]
[Site "Kazan"]
[Date "2019.06.05"]
[Round "6.4"]
[White "Khanin, Semen"]
[Black "Usmanov, Vasily"]
[Result "1-0"]
[WhiteElo "2529"]
[BlackElo "2449"]
[Annotator "TA"]
[PlyCount "45"]
[EventDate "2019.05.31"]
[EventType "swiss"]
[EventCountry "RUS"]
[SourceTitle "playchess.com"]
[Source "ChessBase"]
[SourceQuality "1"]

{[%evp 23,45,18,27,0,27,0,0,0,0,0,112,111,103,53,240,225,243,239,228,220,222,220,382,366]} 1. e4 e6 2. d4 d5 3. Nc3 Nf6 4. Bg5 Be7 5. e5 Nfd7 6. Bxe7 Qxe7 7. f4 O-O 8. Nf3 c5 9. dxc5 Nc6 10. Qd2 Qxc5 11. Bd3 Nb6 12. O-O-O Bd7 13. Kb1 {C14: French: Classical System: 4 Bg5 Be7 main line} Na5 $1 (13... Rac8 14. Bxh7+ Kxh7 15. Ng5+ Kg8 16. Qd3 Rfe8 17. Qh7+ Kf8 18. Nce4 dxe4 19. Nxe4 Qb4 20. Qh8+ Ke7 21. Qh4+ Kf8 22. Qh8+ Ke7 23. Qh4+ Kf8 {½-½ (23) Shomoev,A (2561)-Riazantsev,A (2682) Irkutsk 2010}) 14. b3 (14. Bxh7+ $5 Kxh7 15. Ng5+ Kg8 16. Qd3 $14) 14... Rfc8 15. Ne2 {[#] Strongly threatening b4.The position is equal.} Nac4 16. Qc3 Ne3 (16... Na3+ $11 {remains equal.} 17. Kb2 Qe7) 17. Qxc5 $16 Rxc5 18. Rdg1 Bb5 $146 ({Black should try} 18... Ng4 $14) ({Predecessor:} 18... Ng4 19. Rf1 {½-½ (21) Madl,I (2385)-Matveeva,S (2470) Yerevan 1996}) 19. Bxb5 $18 Rxb5 20. Nfd4 Rc5 {[#]} 21. g4 $1 Rac8 {[%cal Re3c2]} 22. c3 h5 $2 (22... Rxc3 23. Nxc3 Rxc3) 23. gxh5 {Accuracy: White = 86%, Black = 47%.} 1-0

[Event "41st Nezhmetdinov Memorial 2019"]
[Site "Kazan"]
[Date "2019.06.05"]
[Round "6.5"]
[White "Kopylov, Alexander A."]
[Black "Timofeev, Artyom"]
[Result "0-1"]
[WhiteElo "2427"]
[BlackElo "2602"]
[Annotator "TA"]
[PlyCount "98"]
[EventDate "2019.05.31"]
[EventType "swiss"]
[EventCountry "RUS"]
[SourceTitle "playchess.com"]
[Source "ChessBase"]
[SourceQuality "1"]

{[%evp 9,98,-10,0,8,35,-48,-59,-57,-52,-84,-73,-70,-60,-91,-77,-87,-89,-88,-70,-102,-115,-112,-112,-120,-119,-109,-114,-121,-118,-118,-114,-107,-110,-175,-147,-143,-153,-146,-165,-156,-154,-156,-155,-157,-152,-157,-137,-158,-156,-206,-202,-206,-194,-207,-208,-208,-204,-218,-220,-211,-218,-217,-224,-219,-219,-253,-240,-251,-257,-289,-284,-317,-291,-289,-282,-316,-320,-459,-452,-413,-316,-752,-743,-839,-799,-1429,-1414,-1301,-1241,-1230,-1021]} 1. Nf3 c5 2. g3 g6 3. Bg2 Bg7 4. O-O Nc6 5. e3 (5. d3 e5 6. c4 Nge7 7. Nc3 d6 8. a3 O-O 9. Rb1 a5 10. Bd2 Rb8 11. Ne1 Be6 12. Nc2 d5 13. cxd5 Nxd5 14. Ne3 Nxe3 15. Bxe3 Nd4 16. b4 axb4 17. axb4 c4 18. Re1 b5 19. Ne4 Bd5 20. dxc4 Bxc4 21. Qd2 f5 22. Bg5 Qc7 23. Nc5 Qf7 24. Rbd1 e4 {½-½ (24) Amin,B (2709)-Areshchenko,A (2652) Germany 2019}) 5... d5 6. d4 {A04: Unusual lines after 1 Nf3 and King's Indian Attack} Bg4 7. h3 $146 (7. dxc5 $14 Nf6 8. h3 Bxf3 9. Qxf3) ({Predecessor:} 7. c3 Qd7 8. dxc5 Nf6 9. Qb3 Ne4 10. Nd4 e5 11. Nb5 Be2 {1-0 (26) Konecny,S (1889)-Horvath,R (2050) Vienna 2018}) 7... Bxf3 $1 $15 8. Qxf3 {Black is slightly better.} cxd4 9. exd4 Nxd4 {[%mdl 64] Double Attack} 10. Qd1 e6 $1 11. c4 dxc4 12. Na3 Ne7 13. Bxb7 Rb8 14. Be4 O-O 15. Nxc4 Qc7 16. b3 Nxb3 $1 {[%mdl 64] Discovered Attack} 17. axb3 Bxa1 18. Ba3 Bg7 19. Bd6 Qd8 20. Bxb8 Qxb8 21. Qd7 (21. h4 $17) 21... Bf6 22. Rc1 Rd8 23. Qb7 Qxb7 24. Bxb7 Rd3 25. Rb1 Bd4 {White must now prevent ...Rxg3+.} 26. Kf1 Rc3 27. Ke2 Bc5 28. Be4 f5 29. Bd3 {[#]} Bxf2 $1 {[%mdl 576] Deflection} 30. Kxf2 {Hoping for Ke3.} Rxd3 $19 {[%mdl 4096] Endgame KRN-KRN} 31. Re1 Rxb3 32. Rxe6 {[#]} Nd5 $1 33. Re8+ {[#]} Kg7 $1 34. Ra8 Rb7 35. Nd6 Nb6 {...Rd7 is the strong threat.} 36. Re8 Rd7 37. Nb5 a5 38. Rb8 Nc4 39. Ra8 Rd5 40. Nc7 Re5 41. Ra6 Kf7 42. g4 f4 43. h4 (43. g5 $142) 43... Nb2 44. Rd6 Re3 45. Rd7+ $2 (45. g5 Ke7 46. Rd4) 45... Re7 {Black is clearly winning.} 46. Rxe7+ Kxe7 47. Kf3 Kd6 48. Nb5+ Ke5 49. Na7 a4 {Accuracy: White = 46%, Black = 95%.} 0-1

[Event "41st Nezhmetdinov Memorial 2019"]
[Site "Kazan"]
[Date "2019.06.05"]
[Round "6.6"]
[White "Kalegin, Evgenij"]
[Black "Rozum, Ivan"]
[Result "0-1"]
[WhiteElo "2430"]
[BlackElo "2568"]
[Annotator "TA"]
[PlyCount "58"]
[EventDate "2019.05.31"]
[EventType "swiss"]
[EventCountry "RUS"]
[SourceTitle "playchess.com"]
[Source "ChessBase"]
[SourceQuality "1"]

{[%evp 9,58,-9,12,7,8,1,8,0,0,0,0,-68,-66,-108,-101,-181,-185,-187,-183,-180,-141,-222,-70,-190,-197,-170,-81,-81,-95,-152,-75,-89,-61,-61,-54,-58,0,-33,-41,-79,-66,-49,-33,-29,0,0,31,-387,-397,-29997,-863]} 1. e4 c5 2. Nf3 e6 3. g3 Nc6 4. Bg2 Nf6 5. Qe2 e5 6. O-O {B40: Sicilian: 2...e6, Unusual lines} Be7 7. c3 O-O 8. Na3 {The position is equal.} Re8 9. Nc4 Bf8 10. a4 $146 (10. d3 $11) ({Predecessor:} 10. d3 h6 11. Nh4 d6 12. Ne3 Be6 {1-0 (50) Artemiev,V (2691)-Harikrishna,P (2744) Huaian 2017}) 10... Nxe4 $1 $15 11. Nfxe5 d5 12. f4 (12. d4 $17 {keeps fighting.}) 12... f6 $19 13. Nxc6 bxc6 14. Ne3 d4 15. Qd3 {[#]} (15. Qc4+ $17 Be6 16. Qe2) 15... f5 $2 ({Inferior is} 15... dxe3 16. Bxe4 exd2 17. Bxd2 $11 (17. Bxh7+ $2 Kh8 $19)) (15... Nf2 $1 $19 {[%cal Rf2d3][%mdl 512]} 16. Qc2 (16. Rxf2 dxe3) 16... dxe3 17. dxe3 Nh3+ 18. Kh1 Rb8 19. Bxc6 Rb6) 16. cxd4 (16. Nc4 $15) 16... cxd4 17. Nc4 Rb8 (17... Nc5 $19 {and Black stays clearly on top.} 18. Qb1 Nb3 19. Bxc6 Ba6) 18. Ne5 $17 Qd5 19. Rf3 ({White should play} 19. Re1) 19... Bd6 (19... g5 $142 20. Qc2 g4) 20. Qf1 d3 21. Rxd3 Qc5+ 22. Re3 Rb3 (22... Bxe5 $15 23. fxe5 Rxe5) 23. Ra3 Rxa3 24. bxa3 Bxe5 25. fxe5 Rxe5 26. Qe1 Ba6 27. Bb2 Rd5 28. Qc1 $2 {[%mdl 8192]} (28. d4 $14 {stays ahead.} Qc2 29. Rxe4 (29. Bxe4 fxe4 30. Rxe4 h6 $14) 29... fxe4 30. Bxe4 {[%mdl 64] Double Attack}) 28... Rxd2 $19 29. Bxe4 $2 (29. Qxc5 $19 Rd1+ {[%mdl 64] Zwischenzug} 30. Bf1 Rxf1+ 31. Kg2 Nxc5 32. Re8+ Kf7 33. Ra8) 29... Qxe3+ {[%mdl 64] Double Attack. Accuracy: White = 36%, Black = 54%.} 0-1